| 000 | 00680nam a2200253Ia 4500 | ||
|---|---|---|---|
| 003 | OSt | ||
| 005 | 20221002051825.0 | ||
| 006 | a|||||r|||| 00| 0 | ||
| 007 | ta | ||
| 008 | 220930b |||||||| |||| 00| 0 eng d | ||
| 024 | _a36256 | ||
| 037 | _cReference Collections | ||
| 040 |
_aCRL _cCRL _beng |
||
| 041 |
_2eng _aeng |
||
| 082 | _aNA,2:(P111:4k), M4(RR) | ||
| 100 |
_aScott John S _9573148 |
||
| 245 | 0 | _aDictionary of building | |
| 260 |
_aLondon _bGranada UK _c1984 |
||
| 300 |
_a382p _ccm. |
||
| 650 | _a ARTS | ||
| 650 | _aARCHITECTURE | ||
| 942 |
_hNA,2:(P111:4k), M4(RR) _cref _2CC |
||
| 999 |
_c917947 _d917947 |
||